| 000 | 00560nam a2200181Ia 4500 | ||
|---|---|---|---|
| 008 | 090124s9999 xx 000 0 und d | ||
| 082 | _b27531 | ||
| 100 | _aकाकोडकर चंद्रकांत | ||
| 245 | _a अभिमान | ||
| 250 | _a0 | ||
| 260 |
_bमनोरमा प्रकाशन _c1989 |
||
| 300 | _a186+5 | ||
| 600 | _aकाकोडकर चंद्रकांत | ||
| 630 | _a अभिमान | ||
| 700 | _aकाकोडकर चंद्रकांत | ||
| 730 | _a अभिमान | ||
| 942 | _cBOOK | ||
| 999 |
_c94358 _d94358 |
||